000 00506 a2200181 4500
001 57354
005 20260407155835.0
008 260407a1955 arg spa d
003 AR-UNSa-BCEJYS
040 _aAR-UNSa-BCEJYS
_bspa
_cAR-UNSa-BCEJYS
080 _a911.3:33
_xGeografía económica
245 1 0 _aGeografía general agraria e industrial
264 1 _aBarcelona :
_bOmega
_c1955
300 _a420 p.
_c25 cm.
942 _cBK
590 _aniveau_biblio:m niveau_hierar:0
100 1 _aOtremba, Erich
999 _c6188
_d6188